000 00495nam a2200169Ia 4500
008 230711s9999||||xx |||||||||||||| ||und||
020 _a978-93-90491-62-9
041 _aENG
082 _a005.133J
_bSC-J
100 _aSchildt, Herbert
245 0 _aJava THe Complete Reference
_bComprehensive Coverage of the Java Language
250 _a12th Ed.
260 _c2021
_aNew Delhi
_bMcGraw Hill Education(India) Private Limited
300 _a1208p.
650 _aComputer Engineering
942 _cBK
999 _c6926
_d6926